| 000 | 00823nas a2200265 4500 | ||
|---|---|---|---|
| 001 | BR0901413 | ||
| 003 | BR-BrBNA | ||
| 005 | 20231205113224.0 | ||
| 007 | ta | ||
| 008 | 230509b bl.|||p| |||| 00| 00por d | ||
| 040 |
_aBR-BrBNA _bpor _cBiblioteca Nacional de Agricultura |
||
| 041 | _a(Pt) | ||
| 072 | _aL40; L53 | ||
| 100 | 1 | _aFerreira, T.A.A. | |
| 100 | 1 | _aRodrigues, H.G. | |
| 100 | 1 | _aNeres, Fonseca, L.C. | |
| 100 | 1 | _aSilva, N.P. | |
| 245 | 1 | _aEstudo emunohistoquímico do bulbo olfatório de ratos Wistar submetidos à exposição pré-natal aguda com etanol. | |
| 650 | _aRATO | ||
| 650 | _aETANOL | ||
| 650 | _aPRÉ-NATAL | ||
| 773 | 0 |
_tBioscience Journal (Brazil) _xISSN 1516-3725 _g(Jan-Apr 2006), v. 22(1) p. 99-105 _wBR0901413 |
|
| 909 |
_a202311 _bLúcia _c55 _dLúcia Elande |
||
| 942 |
_2AGRIS _n0 _cANA |
||
| 999 |
_c202542 _d202542 |
||